| 000 | 00743nam a2200229 a 4500 | ||
|---|---|---|---|
| 005 | 20210223124517.0 | ||
| 008 | 011121s2000 mx r 000 0 spa d | ||
| 020 | _a9701842073 (CNCA) | ||
| 020 | _a8816571721 (Jaca Book) | ||
| 035 | _aUPN01000113976 | ||
| 049 | _aI | ||
| 050 | 4 |
_aF1219.73 _bL6.8 |
|
| 100 | 1 | _aLozoya Legorreta, Xavier | |
| 245 | 1 | 3 |
_aUn día en la vida de-- un médico de Xochicalco / _cXavier Lozoya Legorreta ; il. Fabricio Vonden Broeck. |
| 260 |
_aMéxico : _bCNCA : _bJaca Book, _cc2000. |
||
| 300 |
_a45 p. : _bil. col. |
||
| 440 | 0 | _aIndígenas de América | |
| 651 | 4 |
_aXOCHICALCO, MORELOS - _xANTIGUEDADES _910019 |
|
| 650 | 4 |
_aMEDICINA NAHUA _910020 |
|
| 740 | 3 | _aUn médico de Xochicalco | |
| 905 | _aInfantil | ||
| 999 |
_c87884 _d87884 |
||